Statystyki dla gminy powiatu przasnyskiego

Kliknij tutaj aby rozwiązać quiz!

Ogólne statystyki

  • Ten quiz został rozwiązany 23 razy
  • Średni wynik to 5 z 7

Odpowiedzi na mapie

Odpowiedzi skodowane kolorowo w zielono-czerwonej skali na mapie do tego quizu, zgodnie z poniższymi procentami.
 

Statystyki odpowiedzi

GminaOdpowiedź% Poprawnych
miejsko-wiejskaChorzele
92%
miejska
Przasnysz
92%
wiejskaPrzasnysz
92%
wiejskaJednorożec
54%
wiejskaCzernice Borowe
46%
wiejskaKrzynowłoga Mała
46%
wiejskaKrasne
38%

Rozkład punktacji

Percentyl według liczby udzielonych odpowiedzi

Procent ludzi z każdym wynikiem

Twoja historia wyników

Nie rozwiązałeś tego quizu